History Quiz

Random History or Europe Quiz

Famous Works of European Architecture Quiz Stats

 Plays Quiz Updated Jul 14, 2016

Score 0/30 Timer 10:00
9 Plays Today
% Correct
Westminster Palace (London, United Kingdom)
98.4%
Arc de Triomphe (Paris, France)
94.5%
Tour Eiffel (Paris, France)
93.9%
Colosseum (Rome, Italy)
88.8%
Parthenon (Athens, Greece)
88.6%
Tower of Pisa (Pisa, Italy)
87.5%
Palais du Louvre (Paris, France)
86.2%
St. Basil's Cathedral (Moscow, Russia)
82.1%
The Brandenburg Gate (Berlin, Germany)
80.1%
Arch of Constantine (Rome, Italy)
76.7%
Hagia Sophia (Istanbul, Turkey)
76.5%
St. Paul's Cathedral (London, United Kingdom)
75.3%
Notre Dame de Paris (Paris, France)
74.3%
The Roman Forum (Rome, Italy)
73%
Pantheon (Rome, Italy)
73%
% Correct
Palace of Versailles (Versailles, France)
68.1%
Basilica di Santa Maria del Fiore (Florence, Italy)
66.4%
St. Peter's Basilica (Vatican City)
62.3%
Charles Bridge (Prague, Czechia)
49%
Schönbrunn Palace (Vienna, Austria)
45.9%
Stockholms Stadshus (Stockholm, Sweden)
41.5%
Milan Cathedral (Milan, Italy)
38.7%
Mont Saint-Michel Abbey (Mont Saint-Michel, France)
34.1%
Neuschwanstein Castle (Hohenschwangau,Germany)
31.7%
Saint Sophia's Cathedral (Kyiv, Ukraine)
27.5%
Knossos Palace (Crete, Greece)
21.7%
Bran Castle (Braşov, Romania)
17%
Aachen Cathedral and Palatine Chapel (Aachen, Germany)
13.2%
Matthias Church (Budapest, Hungary)
8.7%
Cathedral of Santiago de Compostela (Santiago de Compostela, Spain)
6.8%

You're not logged in!

Compare scores with friends on all Sporcle quizzes.
OR
Log In

Sporcle TV

Today on Sporcle TV


Watch our educational content, quiz creation guides, and fun videos on Sporcle TV.

Show Comments

Extras

Top Quizzes Today


Score Distribution

Your Account Isn't Verified!

In order to create a playlist on Sporcle, you need to verify the email address you used during registration. Go to your Sporcle Settings to finish the process.

Report this User

Report this user for behavior that violates our Community Guidelines.

Details: